Gramsci y el análisis de coyuntura: algunas notas /

Uloženo v:
Podrobná bibliografie
Hlavní autor: Portantiero, Juan Carlos
Médium: Text
Témata:
Tagy: Přidat tag
Žádné tagy, Buďte první, kdo vytvoří štítek k tomuto záznamu!

MARC

LEADER 00000 a a2200000 04500
001 44251
003
040
100 |a Portantiero, Juan Carlos  
245 |a Gramsci y el análisis de coyuntura:   |b algunas notas /  |c Juan Carlos Portantiero  
650 |a INVESTIGACION SOCIAL  
650 |a DOCTRINAS POLITICAS  
773 |g volumen41, número1 ( , 1979), Páginas 59-73  
999 |c 36508  |d 36508